China : Lonely planet.
| Format: | Book |
|---|---|
| Published: |
Victoria:
Lonely Planet Publications,
2013.
|
| Edition: | 13th ed.. |
| Series: | Lonely planet
|
| Subjects: |
| LEADER | 00492cam a2200169 7i4500 | ||
|---|---|---|---|
| 001 | 0000030960 | ||
| 005 | 20140630090000.0 | ||
| 020 | 0 | 0 | |a 9781742201382 |
| 090 | 0 | 0 | |a CHIN 910.202 |b CHI |
| 245 | 0 | 0 | |a China : |b Lonely planet. |
| 250 | 0 | 0 | |a 13th ed.. |
| 260 | 0 | 0 | |a Victoria: |b Lonely Planet Publications, |c 2013. |
| 300 | # | # | |a 1046 p. |
| 440 | 0 | 0 | |a Lonely planet |
| 650 | 0 | 0 | |a China -- |x Description and travel -- |x Guidebooks |
| 651 | 0 | 0 | |a China |
| 999 | |a B000034265 |b Book |c Countries |e Business Information Centre | ||


